Codes IATA - Afrique - Statistiques

Statistiques générales
  • Ce quiz a été pris 59 fois
  • Le résultat moyen est 12 sur 18
Statistiques - réponses
Code IATA Ville % Correct
ALG Alger
100%
DKR Dakar
96%
CAI Le Caire
96%
TUN Tunis
93%
ABJ Abidjan
84%
JNB Johannesburg
80%
BKO Bamako
76%
LOS Lagos
69%
ADD Addis Abeba
67%
NBO Nairobi
67%
CPT Le Cap
53%
CMN Casablanca
51%
DAR Dar es Salam
51%
RAK Marrakech
49%
FIH Kinshasa
44%
KRT Khartoum
40%
TIP Tripoli
38%
LAD Luanda
36%
Aucun quiz correspondant
Distribution des résultats
% des personnes avec chaque résultat
Percentile par nombre de réponses
Votre historique - résultats
Vous n’avez pas pris ce quiz